|
|
|
|
| LEADER |
00887nab#a2200289#ar4500 |
| 001 |
000080418 |
| 003 |
SVKKK |
| 005 |
20060825112735.0 |
| 008 |
060825c2006 xr e cze |
| FMT |
|
|
|
| 038 |
|
|
|a SVKKK
|
| 040 |
|
|
|a SVKKK
|b slo
|e AACR2
|
| 041 |
0 |
|
|a cze
|
| 044 |
|
|
|a xr
|c CZ
|
| 080 |
|
|
|a 061.3(437.1/.2)
|2 1997
|
| 080 |
|
|
|a 614.7
|2 1997
|
| 100 |
1 |
|
|a Šantroch, Jaroslav
|4 aut
|
| 245 |
1 |
0 |
|a 7. mezinárodní konference Acid Rain 2005 v Praze
|c Jaroslav Šantroch
|
| 246 |
3 |
|
|a Sedmá mezinárodní konference Acid Rain 2005 v Praze
|
| 611 |
2 |
4 |
|a Acid Rain 2005 (konferencia)
|n (7. :
|d 2005 :
|c Praha, Česko)
|
| 650 |
0 |
4 |
|a acidifikácia ovzdušia
|x depozície kyslé atmosférické
|x konferencie medzinárodné
|
| 773 |
0 |
|
|t Ochrana ovzduší
|x 1211-0337
|g Roč. 19 (38), č. 2 (2006), s. 17
|
| 958 |
|
|
|a CZ
|
| 992 |
|
|
|a RBX
|
| BAS |
|
|
|
| 852 |
|
|
|a SVKKK
|b BIB
|
| 998 |
|
|
|a GEO
|